000 00689nam a22001337a 4500
040 _cRUA
082 _aAGR ROS 2021 B1-570 Or.
100 _aROS CHANTREA រស់ ចន្រ្ទា
245 _aCOMPARISON OF DIFFERENT TIMES OF MECHANICAL WEED CONTROL ON CELERY CABBAGE (Brasica chinesis) ប្រៀបធៀបចំនួ​នដងនៃវិធីសាស្រ្តកម្ចាត់ស្មៅតាមបែបមេកានិចលើដំណាស្ពៃចង្កឹះ
260 _aphnom penh
_brua
_c2021
300 _aviii. 38p
_bvii.
_c29cm
856 _uhttps://drive.google.com/file/d/1zRv1lpsTcySyd1ytVgSt4ujyifX220qf/view?usp=sharing
942 _cAGR
999 _c22761
_d22761